| 000 | 00826nam a22002657a 4500 | ||
|---|---|---|---|
| 003 | DO-SdBNP | ||
| 005 | 20240117123653.0 | ||
| 008 | 161031b2006 pe 00| 0 spa d | ||
| 020 | _a997270646X | ||
| 040 |
_aBPMSU _bspa _cBPMSU |
||
| 082 | 4 |
_a306.87 _bD134f 2006 _222 |
|
| 100 | 1 |
_aIkeda, Daisaku _d1928- |
|
| 245 | 1 | 3 |
_aLa familia creativa / _cDaisaku Ikeda |
| 260 |
_aPeru : _bAsociación peruana de la Soka Gakkai Internacional, _c2006. |
||
| 300 |
_a188 p. ; _c22 cm. |
||
| 500 | _aIncluye datos biográficos del autor. | ||
| 534 |
_aTítulo original : _tThe creative family |
||
| 590 | _aInventariado, 2024/VM | ||
| 650 | 4 | _aFamilia | |
| 650 | 4 | _aEducación para la vida familiar | |
| 650 | 4 | _aPadres e hijos | |
| 650 | 4 | _aRelaciones de pareja. | |
| 910 | _aVMateo V. Control de calidad. BPMSU | ||
| 942 |
_2ddc _cBK |
||
| 999 |
_c12972 _d12972 |
||